Welcome to the Holygrace Academy Library

Please use search bar below to get started

BAD BEN AND THE MONSTER (Record no. 7517)

MARC details
000 -LEADER
fixed length control field 00267nam a22001097a 4500
082 ## - DEWEY DECIMAL CLASSIFICATION NUMBER
Classification number 823
Item number STI/B
100 ## - MAIN ENTRY--AUTHOR NAME
Personal name STIMSON, JOAN
245 ## - TITLE STATEMENT
Title BAD BEN AND THE MONSTER
260 ## - PUBLICATION, DISTRIBUTION, ETC. (IMPRINT)
Place of publication UNITED STATES
Name of publisher LADY BIRD BOOKS
Year of publication 1990
650 ## - SUBJECT ADDED ENTRY--TOPICAL TERM
Topical Term ENGLISH STORY
Geographic subdivision UNITED STATES
942 ## - ADDED ENTRY ELEMENTS (KOHA)
Koha item type Books
Holdings
Withdrawn status Lost status Collection code Home library Current library Date acquired Source of acquisition Full call number Accession Number Koha item type
Withdrawn Damaged Item Fiction Main Library Main Library 16/05/2005 purchase 823 STI/B 656 Books